000 00534 a2200157 4500
005 20250612140343.0
020 _a978-1-118-39862-3
082 _a658.3 PYN
100 _aPYNES, J . E .
245 _aHuman Resources Management for Public and Nonprofit Organizations : A Strategic Approach
250 _a4th Ed.
260 _aSan Francisco,
_bJossey- Bass,
_c2013.
300 _axxvii, 499p.: ill.; table,
_brefereces & index,
_c23cm.
856 _yAccess Online Book
_fHuman Resources
_dwww.josseybass.com
942 _2ddc
_cBKS
999 _c3875
_d3875